000
00261nam a2200085Ia 4500
245
0
_a
Plastics : bags, boats, bottles, and brushes
100
_a
Stevens, Beth Dvergsten Logan, Iowa, 2004
_9
70158
942
_c
BK
008
210817s9999 xx 000 0 und d
999
_c
274783
_d
274781